Các nước và một số lãnh thổ trên thế giới

Nội dung sách cung cấp thông tin phục vụ việc nghiên cứu và theo dõi tình hình thế giới và quá trình hội nhập quốc tế của nước ta hiện nay

Kaydedildi:
Detaylı Bibliyografya
Yazar: Hoàng, Phong Hà
Materyal Türü: Kitap
Dil:Undetermined
Baskı/Yayın Bilgisi: Hà Nội Chính trị Quốc gia 2016
Konular:
Etiketler: Etiketle
Etiket eklenmemiş, İlk siz ekleyin!
Thư viện lưu trữ: Trung tâm Học liệu Trường Đại học Cần Thơ
LEADER 00853nam a2200217Ia 4500
001 CTU_207032
008 210402s9999 xx 000 0 und d
020 |c 350000 
082 |a 910.9 
082 |b H100 
100 |a Hoàng, Phong Hà 
245 0 |a Các nước và một số lãnh thổ trên thế giới 
245 0 |c Hoàng Phong Hà chủ biên 
260 |a Hà Nội 
260 |b Chính trị Quốc gia 
260 |c 2016 
520 |a Nội dung sách cung cấp thông tin phục vụ việc nghiên cứu và theo dõi tình hình thế giới và quá trình hội nhập quốc tế của nước ta hiện nay 
650 |a Địa lý,Geography 
650 |x Lịch sử,History 
904 |i Tuyến 
980 |a Trung tâm Học liệu Trường Đại học Cần Thơ